[Event "22nd Trieste Masters Open 2020"]
[Site "Trieste"]
[Date "2020.09.01"]
[Round "5.4"]
[White "Unuk, Laura"]
[Black "Zimina, Olga"]
[Result "1-0"]
[WhiteElo "2315"]
[BlackElo "2378"]
[Annotator "TA"]
[PlyCount "69"]
[EventDate "2020.08.31"]
[EventType "swiss"]
[EventCountry "ITA"]
[SourceTitle "playchess.com"]
[Source "ChessBase"]
[SourceQuality "1"]

{[%evp 11,69,14,14,10,10,6,14,16,16,14,20,16,19,16,12,-35,-12,-43,-27,-72,-85,-134,0,0,0,0,15,27,39,-16,119,112,131,130,462,462,455,454,443,440,443,245,677,657,877,886,883,849,814,710,867,677,827,775,869,827,826,812,726,702]} 1. d4 d5 2. c4 c6 3. Nf3 Nf6 4. e3 Bg4 5. Qb3 Qb6 6. Nc3 e6 7. Nh4 {D11: Slav Defence: 3 Nf3 sidelines and 3...Nf6 4 e3 Bg4.} Bh5 8. h3 Nbd7 9. g4 {The position is equal.} Bg6 10. Nxg6 hxg6 11. g5 Ng8 12. Qc2 Ne7 13. c5 Qc7 {[#]} 14. e4 $146 ({Predecessor:} 14. f4 Nf5 15. Bd3 Be7 16. Ne2 b6 17. cxb6 Qxb6 18. Bd2 c5 19. Qa4 Rb8 20. b3 {0-1 (35) Corbin,P (2255)-Shaw,J (2484) Bled 2002}) 14... dxe4 {With the idea ...e5.} 15. Qxe4 Nf5 16. Bf4 {[#]} Qd8 (16... e5 $1 $17 {[%mdl 512]} 17. O-O-O (17. dxe5 Nxc5) 17... O-O-O 18. Bxe5 Nxe5 19. Qxe5 Qxe5 20. dxe5 Rh4) 17. O-O-O $11 Be7 18. Rg1 Rh5 {[%cal Re7g5]} 19. Qg2 Rh4 20. Qf3 ({White should try} 20. Qh2 $14) 20... Nf8 {[#]} (20... Qa5 $11 {remains equal.}) 21. d5 $1 $36 {[%cal Rd5c6][%mdl 2624] Deflection. Keeping Black busy.} exd5 {[#]} (21... cxd5 22. Nxd5) 22. Nxd5 $1 {[%mdl 512] Strongly threatening Nc7+.} cxd5 $4 {[%mdl 8192] Loses the game.} (22... Rxf4 $16 23. Nf6+ {[%mdl 64] Discovered Attack} (23. Qxf4 Ne6 $16) (23. Nxf4 Qa5 $16) 23... gxf6 24. Rxd8+ Rxd8 25. Qxf4 Ne6) 23. Bb5+ $18 Nd7 {And now ...Qa5 would win.} 24. Rxd5 Kf8 25. Bxd7 ({Not} 25. Rxd7 Qc8 $18) 25... Qa5 26. a3 (26. Rg4 $142 {Black must now prevent Rxf5.} Qe1+ 27. Rd1 {[%mdl 64] Discovered Attack}) 26... Bxc5 $2 (26... Qa6) 27. Bxf5 {White is clearly winning.} gxf5 28. Bd6+ {[%mdl 64] Double Attack} Kg8 29. Rxc5 Qb6 30. Rd1 Rd8 31. Qxf5 g6 32. Qf6 Re4 33. Rc7 Qxc7+ 34. Bxc7 Rc4+ 35. Qc3 $1 {Accuracy: White = 73%, Black = 52%.} 1-0

[Event "22nd Trieste Masters Open 2020"]
[Site "Trieste"]
[Date "2020.09.01"]
[Round "5.5"]
[White "Jovanic, Ognjen"]
[Black "Sepehrkhoui, Ardeshir"]
[Result "1-0"]
[WhiteElo "2526"]
[BlackElo "2237"]
[Annotator "RC"]
[PlyCount "89"]
[EventDate "2020.08.31"]
[EventType "swiss"]
[EventCountry "ITA"]
[SourceTitle "playchess.com"]
[Source "ChessBase"]
[SourceQuality "1"]
[TimeControl "5400+30"]

1. d4 {[%emt 0:00:00]} Nf6 {[%emt 0:00:00]} 2. c4 {[%emt 0:00:24]} e6 {[%emt 0:00:00]} 3. Nf3 {[%emt 0:00:25]} Bb4+ {[%emt 0:00:00]} 4. Bd2 {[%emt 0:01:22]} a5 {[%emt 0:00:02]} 5. a3 {[%emt 0:00:54]} Bxd2+ {[%emt 0:00:37]} 6. Qxd2 {[%emt 0:00:18]} d6 {[%emt 0:02:36]} 7. Nc3 {[%emt 0:00:14]} Nbd7 {[%emt 0:00:06]} 8. e4 {[%emt 0:04:09]} e5 {[%emt 0:02:12]} 9. Be2 {[%emt 0:00:32]} O-O {[%emt 0:00:53]} 10. O-O {[%emt 0:00:26]} exd4 {[%emt 0:17:51]} 11. Nxd4 {[%emt 0:00:18]} Nc5 {[%emt 0:00:24]} 12. f3 {[%emt 0:01:12]} a4 {[%emt 0:01:16]} 13. Rad1 {[%emt 0:01:41]} Re8 {[%emt 0:01:21]} 14. Rfe1 {[%emt 0:00:33]} h6 {[%emt 0:01:48]} 15. Bf1 {[%emt 0:01:39]} Bd7 {[%emt 0:00:12]} 16. Qf2 {[%emt 0:01:12]} Qe7 {[%emt 0:01:17]} 17. Nc2 {[%emt 0:02:46]} Nb3 {[%emt 0:16:56]} 18. Nb4 {[%emt 0:06:26]} Be6 {[%emt 0:01:22]} 19. Nbd5 {[%emt 0:06:23]} Bxd5 {[%emt 0:01:13]} 20. cxd5 {[%emt 0:00:04]} c6 {[%emt 0:01:51]} 21. Bc4 {[%emt 0:01:18]} Nc5 {[%emt 0:00:51]} 22. Re2 {[%emt 0:01:23]} Red8 {[%emt 0:05:46]} 23. Red2 {[%emt 0:01:02]} Qe5 {[%emt 0:01:42]} 24. Rd4 {[%emt 0:02:59]} Ne8 {[%emt 0:05:20]} 25. Ba2 {[%emt 0:08:40]} Ra5 {[%emt 0:02:17]} 26. Qc2 {[%emt 0:02:45]} Rda8 {[%emt 0:00:36]} 27. Rb4 {[%emt 0:02:36]} Nc7 {[%emt 0:01:45]} 28. Qd2 {[%emt 0:02:14]} Ne8 {[%emt 0:01:49]} 29. Qf2 {[%emt 0:01:40]} Nc7 {[%emt 0:07:07]} 30. Rd2 {[%emt 0:02:53]} R5a7 {[%emt 0:03:05]} 31. f4 {[%emt 0:06:24]} Qf6 {[%emt 0:00:10]} 32. dxc6 {[%emt 0:02:57]} bxc6 {[%emt 0:00:41]} 33. Rb6 {[%emt 0:04:44]} Nb5 {[%emt 0:07:54]} 34. e5 {[%emt 0:10:36]} Qd8 {[%emt 0:00:46]} 35. Nxb5 {[%emt 0:00:34]} Qxb6 {[%emt 0:04:38]} 36. Nxa7 {[%emt 0:02:44]} Qxa7 {[%emt 0:01:50]} 37. Rxd6 {[%emt 0:01:31]} Qa5 {[%emt 0:04:05]} 38. Qd2 {[%emt 0:01:50]} Qb6 {[%emt 0:00:46]} 39. Qd4 {[%emt 0:01:49]} Rb8 {[%emt 0:00:01]} 40. h3 {[%emt 0:00:50]} Qa5 {[%emt 0:05:32]} 41. Kh2 {[%emt 0:01:59]} Nb3 {[%emt 0:01:16]} 42. Bxb3 {[%emt 0:01:41]} Rxb3 {[%emt 0:00:02]} 43. Rd8+ {[%emt 0:00:37]} Kh7 {[%emt 0:00:01]} 44. Qe4+ {[%emt 0:00:15]} g6 {[%emt 0:00:01]} 45. Rd7 {[%emt 0:00:15]} 1-0

[Event "22nd Trieste Masters Open 2020"]
[Site "Trieste"]
[Date "2020.09.02"]
[Round "6.1"]
[White "Moroni, Luca Jr"]
[Black "Lagarde, Maxime"]
[Result "1/2-1/2"]
[WhiteElo "2530"]
[BlackElo "2657"]
[Annotator "TA"]
[PlyCount "37"]
[EventDate "2020.08.31"]
[EventType "swiss"]
[EventCountry "ITA"]
[SourceTitle "playchess.com"]
[Source "ChessBase"]
[SourceQuality "1"]

{[%evp 16,37,4,0,-1,-17,-14,-18,-21,-10,-14,-32,-15,-18,-18,-29,-34,-9,-17,-27,6,-961,-79,-69]} 1. d4 Nf6 2. c4 c5 3. Nf3 cxd4 4. Nxd4 e5 5. Nb5 d5 6. cxd5 Bc5 7. e3 O-O 8. N5c3 Bf5 9. Be2 Nbd7 {A31: Symmetrical English: 2 Nf3 Nf6 3 d4.} 10. Nd2 Bb4 11. O-O (11. e4 $5 {[%cal Re4f5]} Bxc3 12. bxc3 Bxe4 13. Nxe4 Nxe4 14. c4 $11) 11... Bxc3 {The position is equal.} 12. bxc3 Nxd5 {[#]} 13. Bf3 $146 ({Predecessor:} 13. Bb2 Qb6 14. Nb3 N5f6 15. c4 Rfd8 16. Qc1 a5 17. Rd1 a4 18. Nd2 Bg4 19. Bxg4 Nxg4 {½-½ (40) Matlakov,M (2714)-Giri,A (2785) Sochi 2017}) 13... Nxc3 14. Qb3 {[%mdl 64] [#] Double Attack} Rc8 $36 {[%mdl 2048] White must now prevent ...e4. Black has some pressure.} 15. Bb2 $1 {[%cal Rb2c3]} Bc2 16. Qa3 $1 ({Avoid the trap} 16. Qxc2 $2 {[#]} Ne2+ $1 {[%mdl 512]} 17. Bxe2 Rxc2 $19) 16... Nb5 17. Qb4 Qb6 (17... Bd3 $5 {[%cal Ra7a5]} 18. Rfc1 a5 $11) 18. Qa3 $2 {[%mdl 8192]} (18. Rfc1 $11 Nd4 19. Qxb6 Nxf3+ 20. Nxf3 Nxb6 21. Bxe5) 18... Bf5 $2 (18... Nxa3 $19 {has better winning chances.} 19. Bxa3 Rfe8) 19. Qb3 {Accuracy: White = 68%, Black = 62%.} 1/2-1/2

[Event "22nd Trieste Masters Open 2020"]
[Site "Trieste"]
[Date "2020.09.02"]
[Round "6.2"]
[White "Bosiocic, Marin"]
[Black "Unuk, Laura"]
[Result "1-0"]
[WhiteElo "2606"]
[BlackElo "2315"]
[Annotator "TA"]
[PlyCount "77"]
[EventDate "2020.08.31"]
[EventType "swiss"]
[EventCountry "ITA"]
[SourceTitle "playchess.com"]
[Source "ChessBase"]
[SourceQuality "1"]

{[%evp 9,77,21,23,23,18,-2,0,-8,0,-6,0,-3,0,0,16,0,22,19,16,0,-5,-15,24,0,-10,0,67,52,54,53,70,47,72,61,191,143,128,85,98,84,247,252,435,433,396,401,504,505,562,518,554,549,531,517,547,539,2031,2025,1808,1493,1563,765,1256,734,1173,774,29978,1850,1779,1716]} 1. e4 c6 2. d4 d5 3. e5 c5 4. dxc5 e6 5. Bd3 Nc6 6. Nf3 {B12: Caro-Kann: Advance Variation.} Bxc5 7. c3 (7. O-O {feels hotter.} Nb4 8. Be2 Ne7 9. Nbd2 Bb6 10. Re1) 7... Nge7 8. Qe2 {The position is equal.} Ng6 9. b4 Be7 10. b5 Na5 11. h4 {[#]} f6 $146 ({Predecessor:} 11... Nf8 12. Bf4 a6 13. Nd4 axb5 14. Qg4 g6 15. Nd2 Bd7 16. Nxb5 h5 17. Qg3 Bxb5 18. Bxb5+ {½-½ (36) Smirnov,P (2511)-Zvjaginsev,V (2627) Ohrid 2001}) 12. exf6 gxf6 13. h5 $36 {[%mdl 2048] White is more active.} Nf8 $1 14. Nh4 Qc7 15. h6 Bc5 16. O-O e5 $1 17. Nf5 Bxf5 (17... Ne6 $11) 18. Bxf5 $14 Nc4 19. Nd2 Nd6 20. Bh3 Rg8 $1 21. a4 Bb6 (21... Rg3 $14) 22. Qf3 Qf7 23. Ba3 Bc7 24. c4 {Hoping for Bxd6.} e4 $2 (24... Ne6 $16 {might work better.}) 25. Rfe1 Kd8 $2 {[#]} (25... Ne6 26. Bxe6 exf3) 26. Nxe4 $1 {[%mdl 512]} dxe4 27. Qd1 f5 28. Bxd6 Ne6 29. Qd5 Bxd6 30. Qxd6+ Ke8 31. Qe5 Rg5 32. Rad1 {Threatens to win with Rd6.} Rd8 33. Rxd8+ Kxd8 34. Rd1+ Ke7 35. Rd5 (35. c5 $142 Qh5 36. Rd6 Rxg2+ 37. Bxg2 Qxh6 38. c6 bxc6 39. bxc6 Qc1+ {[#]} 40. Kh2 $1 {[%mdl 512]} Qf4+ 41. Qxf4 Nxf4 42. c7 $1 {[%mdl 512]} Kxd6 43. c8=Q Nxg2 44. Kxg2) 35... Qg6 36. g3 Qxh6 37. Bxf5 e3 38. Qxe3 (38. Qd6+ $142 Ke8 39. Qd7+ Kf8 40. Qc8+ Kg7 41. Rd7+ {[%mdl 64] Double Attack} Kf6 42. Rxh7 (42. Bxe6 exf2+ 43. Kf1 Qh1+ 44. Kxf2 Qh2+ 45. Kf1 Qh1+ 46. Kf2 Qh2+ 47. Kf1 Qh1+ 48. Kf2 $11) 42... Nf8 43. Rxh6+ Kg7 44. Rd6) 38... Rh5 39. Qxe6+ {Accuracy: White = 71%, Black = 46%.} 1-0

[Event "22nd Trieste Masters Open 2020"]
[Site "Trieste"]
[Date "2020.09.02"]
[Round "6.3"]
[White "Brunello, Sabino"]
[Black "Brunello, Marina"]
[Result "1-0"]
[WhiteElo "2532"]
[BlackElo "2368"]
[Annotator "RC"]
[PlyCount "59"]
[EventDate "2020.08.31"]
[EventType "swiss"]
[EventCountry "ITA"]
[SourceTitle "playchess.com"]
[Source "ChessBase"]
[SourceQuality "1"]
[TimeControl "5400+30"]

1. e4 {[%emt 0:00:00]} c5 {[%emt 0:00:00]} 2. Nc3 {[%emt 0:00:00]} a6 {[%emt 0:00:00]} 3. Nge2 {[%emt 0:01:42]} d6 {[%emt 0:00:10]} 4. g3 {[%emt 0:00:53]} g6 {[%emt 0:00:05]} 5. Bg2 {[%emt 0:00:38]} Bg7 {[%emt 0:00:05]} 6. d4 {[%emt 0:00:06]} cxd4 {[%emt 0:00:46]} 7. Nxd4 {[%emt 0:00:02]} Nf6 {[%emt 0:02:06]} 8. O-O {[%emt 0:00:23]} O-O {[%emt 0:00:19]} 9. a4 {[%emt 0:01:35]} e5 {[%emt 0:02:26]} 10. Nde2 {[%emt 0:10:54]} Be6 {[%emt 0:03:09]} 11. b3 {[%emt 0:02:19]} Qc7 {[%emt 0:01:40]} 12. Ba3 {[%emt 0:04:51]} Rd8 {[%emt 0:00:05]} 13. Qd2 {[%emt 0:03:05]} Nc6 {[%emt 0:08:44]} 14. Nd5 {[%emt 0:10:15]} Bxd5 {[%emt 0:06:55]} 15. exd5 {[%emt 0:00:02]} Ne7 {[%emt 0:00:12]} 16. a5 {[%emt 0:00:35]} b5 {[%emt 0:14:59]} 17. axb6 {[%emt 0:09:17]} Qxb6 {[%emt 0:00:06]} 18. Nc3 {[%emt 0:08:37]} Nf5 {[%emt 0:11:39]} 19. Na4 {[%emt 0:13:02]} Qb5 {[%emt 0:14:40]} 20. Rab1 {[%emt 0:00:14]} Nd4 {[%emt 0:01:41]} 21. Qd1 {[%emt 0:00:17]} Rab8 {[%emt 0:04:36]} 22. c4 {[%emt 0:09:12]} Qd7 {[%emt 0:01:31]} 23. Bc1 {[%emt 0:07:14]} Qxa4 {[%emt 0:13:26]} 24. bxa4 {[%emt 0:01:03]} Rxb1 {[%emt 0:00:03]} 25. Qd3 {[%emt 0:03:06]} Rb3 {[%emt 0:00:45]} 26. Qd2 {[%emt 0:00:34]} Rc8 {[%emt 0:01:32]} 27. Qa5 {[%emt 0:00:47]} Rxc4 {[%emt 0:02:58]} 28. Qd8+ {[%emt 0:05:02]} Bf8 {[%emt 0:00:03]} 29. Bg5 {[%emt 0:00:35]} Rbc3 {[%emt 0:07:05]} 30. Bxf6 {[%emt 0:00:49]} 1-0

[Event "22nd Trieste Masters Open 2020"]
[Site "Trieste"]
[Date "2020.09.02"]
[Round "6.4"]
[White "Podetti, Davide"]
[Black "Jovanic, Ognjen"]
[Result "1/2-1/2"]
[WhiteElo "2173"]
[BlackElo "2526"]
[Annotator "RC"]
[PlyCount "148"]
[EventDate "2020.08.31"]
[EventType "swiss"]
[EventCountry "ITA"]
[SourceTitle "playchess.com"]
[Source "ChessBase"]
[SourceQuality "1"]
[TimeControl "5400+30"]

1. e4 {[%emt 0:00:00]} c5 {[%emt 0:00:09]} 2. Nf3 {[%emt 0:00:00]} Nc6 {[%emt 0:00:06]} 3. Bb5 {[%emt 0:00:12]} Nf6 {[%emt 0:00:17]} 4. e5 {[%emt 0:02:36]} Nd5 {[%emt 0:00:29]} 5. O-O {[%emt 0:01:05]} Nc7 {[%emt 0:03:07]} 6. Bxc6 {[%emt 0:01:09]} dxc6 {[%emt 0:00:03]} 7. h3 {[%emt 0:01:27]} Bf5 {[%emt 0:00:53]} 8. d3 {[%emt 0:01:12]} e6 {[%emt 0:01:52]} 9. Bg5 {[%emt 0:03:20]} Qd7 {[%emt 0:00:29]} 10. Nbd2 {[%emt 0:02:55]} h6 {[%emt 0:04:26]} 11. Bf4 {[%emt 0:02:27]} Nd5 {[%emt 0:03:19]} 12. Bg3 {[%emt 0:01:39]} Be7 {[%emt 0:03:34]} 13. Qe2 {[%emt 0:08:13]} Bg6 {[%emt 0:06:11]} 14. Bh4 {[%emt 0:07:29]} Bh5 {[%emt 0:08:12]} 15. Bxe7 {[%emt 0:00:39]} Qxe7 {[%emt 0:00:24]} 16. Ne4 {[%emt 0:00:39]} O-O {[%emt 1:04:29]} 17. c4 {[%emt 0:04:54]} Nf4 {[%emt 0:00:00]} 18. Qe3 {[%emt 0:01:09]} Bxf3 {[%emt 0:00:00]} 19. Qxf3 {[%emt 0:00:34]} Ng6 {[%emt 0:00:00]} 20. Qg3 {[%emt 0:01:20]} Rad8 {[%emt 0:00:00]} 21. f4 {[%emt 0:02:48]} b6 {[%emt 0:00:00]} 22. Nd6 {[%emt 0:14:13]} Kh7 {[%emt 0:00:00]} 23. Qf3 {[%emt 0:01:23]} f6 {[%emt 0:00:00]} 24. Qe4 {[%emt 0:00:43]} fxe5 {[%emt 0:00:00]} 25. fxe5 {[%emt 0:00:52]} Qh4 {[%emt 0:00:00]} 26. Qxh4 {[%emt 0:00:42]} Nxh4 {[%emt 0:00:00]} 27. Rxf8 {[%emt 0:00:33]} Rxf8 {[%emt 0:00:00]} 28. Rf1 {[%emt 0:00:36]} Kg8 {[%emt 0:00:00]} 29. Rxf8+ {[%emt 0:05:12]} Kxf8 {[%emt 0:00:00]} 30. Kf2 {[%emt 0:02:04]} Ng6 {[%emt 0:00:00]} 31. Ke3 {[%emt 0:01:06]} Nxe5 {[%emt 0:00:00]} 32. d4 {[%emt 0:00:20]} cxd4+ {[%emt 0:00:00]} 33. Kxd4 {[%emt 0:00:04]} Nd7 {[%emt 0:00:00]} 34. Nc8 {[%emt 0:04:50]} a6 {[%emt 0:00:00]} 35. c5 {[%emt 0:04:37]} bxc5+ {[%emt 0:00:00]} 36. Kc4 {[%emt 0:00:05]} e5 {[%emt 0:00:00]} 37. Na7 {[%emt 0:00:21]} Ke7 {[%emt 0:00:00]} 38. Nxc6+ {[%emt 0:00:57]} Kd6 {[%emt 0:00:00]} 39. Na5 {[%emt 0:00:26]} Nb6+ {[%emt 0:00:00]} 40. Kd3 {[%emt 0:00:16]} Kd5 {[%emt 0:00:00]} 41. b3 {[%emt 0:00:08]} h5 {[%emt 0:00:00]} 42. g3 {[%emt 0:01:59]} Nc8 {[%emt 0:00:00]} 43. Nc4 {[%emt 0:00:38]} Nd6 {[%emt 0:00:00]} 44. Nb6+ {[%emt 0:01:36]} Kc6 {[%emt 0:00:00]} 45. Na4 {[%emt 0:00:19]} g6 {[%emt 0:00:00]} 46. Nc3 {[%emt 0:00:45]} Nb5 {[%emt 0:00:00]} 47. Ne4 {[%emt 0:00:51]} Nc7 {[%emt 0:00:00]} 48. Kc4 {[%emt 0:01:08]} Nd5 {[%emt 0:00:00]} 49. a3 {[%emt 0:00:45]} Ne3+ {[%emt 0:00:00]} 50. Kd3 {[%emt 0:00:16]} Nf5 {[%emt 0:00:00]} 51. g4 {[%emt 0:03:34]} hxg4 {[%emt 0:00:00]} 52. hxg4 {[%emt 0:00:02]} Nd4 {[%emt 0:00:00]} 53. Kc4 {[%emt 0:01:15]} Nb5 {[%emt 0:00:00]} 54. Nf6 {[%emt 0:02:06]} Nxa3+ {[%emt 0:00:00]} 55. Kd3 {[%emt 0:00:03]} Nb5 {[%emt 0:00:00]} 56. Ke4 {[%emt 0:00:22]} Nd4 {[%emt 0:00:00]} 57. Kxe5 {[%emt 0:00:33]} Nxb3 {[%emt 0:00:00]} 58. Nd5 {[%emt 0:00:20]} a5 {[%emt 0:03:54]} 59. Nc3 {[%emt 0:02:01]} Nd4 {[%emt 0:02:28]} 60. Kf6 {[%emt 0:00:21]} Nb5 {[%emt 0:00:06]} 61. Na2 {[%emt 0:00:12]} Kd5 {[%emt 0:01:59]} 62. Kxg6 {[%emt 0:00:30]} Ke5 {[%emt 0:01:36]} 63. g5 {[%emt 0:00:30]} a4 {[%emt 0:00:18]} 64. Kf7 {[%emt 0:00:25]} a3 {[%emt 0:02:37]} 65. g6 {[%emt 0:00:27]} Nd6+ {[%emt 0:00:10]} 66. Ke7 {[%emt 0:00:16]} Nf5+ {[%emt 0:00:11]} 67. Kf7 {[%emt 0:00:33]} Nh4 {[%emt 0:01:48]} 68. g7 {[%emt 0:02:54]} Nf5 {[%emt 0:00:02]} 69. Nc3 {[%emt 0:00:53]} Kf4 {[%emt 0:01:22]} 70. Ke6 {[%emt 0:01:14]} Nxg7+ {[%emt 0:00:15]} 71. Kd5 {[%emt 0:00:02]} Ke3 {[%emt 0:04:37]} 72. Kxc5 {[%emt 0:00:06]} Kd3 {[%emt 0:00:32]} 73. Kb4 {[%emt 0:00:04]} Kc2 {[%emt 0:00:12]} 74. Kxa3 {[%emt 0:00:03]} Kxc3 {[%emt 0:06:53]} 1/2-1/2

[Event "22nd Trieste Masters Open 2020"]
[Site "Trieste"]
[Date "2020.09.02"]
[Round "6.5"]
[White "Korneev, Oleg"]
[Black "Lumachi, Gabriele"]
[Result "1-0"]
[WhiteElo "2517"]
[BlackElo "2327"]
[Annotator "TA"]
[PlyCount "125"]
[EventDate "2020.08.31"]
[EventType "swiss"]
[EventCountry "ITA"]
[SourceTitle "playchess.com"]
[Source "ChessBase"]
[SourceQuality "1"]

{[%evp 30,125,47,18,11,7,6,0,0,0,0,-19,-14,-8,0,-3,8,-15,22,-29,-15,-15,-15,-15,-15,-9,-22,-6,-6,-16,12,21,22,2,16,23,81,67,69,77,101,54,101,90,88,6,5,0,196,204,234,231,221,232,215,182,183,183,182,182,182,182,177,177,334,334,334,334,334,334,334,323,309,302,294,294,506,506,505,505,530,519,505,505,503,452,1806,1500,29978,29980,29979,29980,29989,29990,29990,29991,29991,29992]} 1. e4 e5 2. Nf3 Nc6 3. Bb5 a6 4. Ba4 Nf6 5. O-O Be7 6. Re1 b5 7. Bb3 d6 8. c3 O-O 9. h3 Nb8 10. d4 Nbd7 11. Nbd2 Bb7 12. Bc2 Re8 13. Nf1 Bf8 14. Ng3 g6 15. a4 Bg7 16. d5 Qb8 {C95: Closed Ruy Lopez: Breyer Variation with 10 d4.} 17. b3 c6 {[%cal Rc6d5]} 18. c4 bxc4 {The position is equal.} 19. bxc4 a5 20. Be3 Qc7 21. Qd2 {[#]} Nc5 $146 ({Predecessor:} 21... Ba6 22. dxc6 Qxc6 23. Bh6 Bxc4 24. Ra3 Bxh6 25. Qxh6 d5 26. Nf5 gxf5 27. Nd4 Qc5 {1-0 (65) Megaranto,S (2551)-Hossain,E (2485) Cebu 2007}) 22. Bxc5 dxc5 23. Rac1 Rab8 24. Qe3 (24. Rb1 $142) 24... Bf8 25. Ne2 Ba6 26. Nd2 $1 Rb4 27. Nc3 Bxc4 28. Nxc4 Rxc4 29. dxc6 Bh6 30. Qxh6 Rxc3 31. Qd2 $36 {[%mdl 2048] White fights for an advantage.} Rc4 32. Bd3 Rxa4 (32... Rd4 $1 $11 {keeps the balance.}) 33. Rxc5 $16 Rd4 34. Qc3 Rb8 35. Rc4 Rb4 36. Rxd4 $1 Rxd4 37. f4 (37. Kh2 $16) 37... Ne8 $1 $11 38. Rb1 {Threatens to win with Bc4.} Rd6 $2 {Black is now going downhill.} (38... Rb4 $1 $11 {and Black has nothing to worry.}) 39. Rb7 $1 $18 {[%cal Rb7c7]} ({Don't take} 39. Qxe5 Qxc6 40. Rb8 Re6 $14) ({Stronger than} 39. fxe5 Rxc6 40. Qb2 Re6 $15) 39... Rxd3 40. Qxd3 Qxc6 {[%mdl 4096] Endgame KQR-KQN} 41. Rb8 {Strongly threatening Kh2.} Kg7 42. fxe5 {Kh2 is the strong threat.} Qc5+ {[#]} 43. Kh1 $1 Qxe5 44. Rb5 Qf4 {[#]} 45. e5 $1 a4 46. Rc5 Qb4 $2 (46... h6 47. Qc3 Kh7) 47. Qc3 Qxc3 48. Rxc3 {KR-KN} Kf8 49. Kh2 Ke7 50. Kg3 Ng7 51. Kf4 Ne6+ 52. Ke4 h5 $2 (52... Kf8 53. Rc4 Ke7) 53. h4 Kd7 54. g3 Nc7 55. Rc5 Ne6 56. Ra5 Kc6 57. Ra7 Kb5 (57... Nc5+ $142 58. Kd4 a3 59. Rxa3 Ne6+ 60. Kc4 Kd7 61. Ra7+ Ke8) 58. Kd5 Nc5 59. Rxf7 {White mates.} a3 60. e6 a2 61. e7 a1=Q 62. e8=Q+ Kb4 63. Qb8+ {Accuracy: White = 90%, Black = 68%.} 1-0

[Event "22nd Trieste Masters Open 2020"]
[Site "Trieste"]
[Date "2020.09.03"]
[Round "7.1"]
[White "Lagarde, Maxime"]
[Black "Brunello, Sabino"]
[Result "1-0"]
[WhiteElo "2657"]
[BlackElo "2532"]
[Annotator "TA"]
[PlyCount "57"]
[EventDate "2020.08.31"]
[EventType "swiss"]
[EventCountry "ITA"]
[SourceTitle "playchess.com"]
[Source "ChessBase"]
[SourceQuality "1"]

{[%evp 11,57,0,-10,-4,-16,-45,-47,-50,-50,-68,-45,-46,-63,-27,-73,-85,-28,-43,-41,-41,-39,-50,-15,-38,-36,-26,-24,-57,76,2,79,108,480,480,435,472,432,355,824,801,883,866,29988,29989,29989,29990,29994,4591]} 1. e4 c5 2. Nf3 d6 3. d4 cxd4 4. Nxd4 Nf6 5. Nc3 a6 6. Rg1 b5 {[%cal Bb7b5,Bb5b4][%mdl 32]} 7. g4 {B90: Sicilian Najdorf: Unusual White 6th moves, 6 Be3 Ng4 and 6 Be3 e5.} Bb7 8. g5 $1 {[%mdl 4] outshines the older 8.Bg2. Played by Ian Nepomniachtchi in August 2020.} Nxe4 9. Nxe4 {Black is slightly better.} Bxe4 10. a4 $5 {[%mdl 4] Exploring less charted territory.} b4 {[#]} 11. Qe2 $146 ({Predecessor:} 11. Rg4 d5 12. f3 Bg6 13. Bf4 e6 14. Qd2 Be7 15. Bxb8 Qxb8 16. Nc6 Qd6 17. Nxe7 Kxe7 18. Rxb4 {0-1 (73) Sezdbekov,A (2052)-Kuybokarov,T chess.com INT 2020}) 11... d5 12. f3 Bg6 $1 13. f4 e6 (13... Qc8 $17 14. Qe5 Be4) 14. Be3 Bd6 15. h4 O-O {Threatens to win with ...e5.} 16. O-O-O Nd7 {White must now prevent ...Qa5.} (16... b3 $5 17. Nxb3 Nc6 $15) 17. h5 Be4 {Hoping for ...Nc5.} 18. Bg2 {[#] Bxe4 is the strong threat.} Nc5 $1 {And now ...Qa5 would win.} 19. Bxe4 dxe4 (19... Nxe4 $15 {keeps the upper hand.} 20. g6 Qf6 21. gxh7+ Kxh7) 20. Kb1 ({Better is} 20. g6 $16) 20... Nxa4 (20... Qc7 $11 {keeps the balance.}) 21. f5 $16 exf5 $2 {[%mdl 8192] This move loses the game for Black.} (21... Be5 $16) 22. Nxf5 $18 Nc3+ 23. bxc3 bxc3 {( -> ...Qb8+)} 24. Rxd6 {[%mdl 64] Double Attack} Rb8+ $2 (24... Qa5 25. Nh6+ (25. Ne7+ Kh8 $16) 25... Kh8) 25. Kc1 Qa5 {[#]} 26. Nh6+ $1 gxh6 27. gxh6+ {White mates.} Kh8 28. Qxa6 Qb4 29. Rb6 {Accuracy: White = 82%, Black = 49%.} (29. Bd4+ $142 Qxd4 30. Rxd4 f6 31. Qa7 Rb1+ 32. Kxb1 Rg8 33. Rxg8+ Kxg8 34. Qg7#) 1-0